| 000 | 00627cam a22002053a 4500 | ||
|---|---|---|---|
| 001 | 44853 | ||
| 003 | PGUSA | ||
| 005 | 20140828084026.0 | ||
| 008 | 140209s2014||||xxu|||||s|||||000 | eng d | ||
| 040 |
_aPGUSA _beng |
||
| 042 | _adc | ||
| 100 | 1 | _aHine, Charles DeLano | |
| 245 | 1 | 0 |
_aLetters from an Old Railway Official : _bTo his Son, a Division Superintendent _h[electronic resource] / _cCharles DeLano Hine |
| 260 |
_bProject Gutenberg, _c2014 |
||
| 506 | _aPublic domain in the USA. | ||
| 516 | _aElectronic text | ||
| 830 | 0 |
_aProject Gutenberg _v44853 |
|
| 856 | 4 | 0 | _uhttp://www.gutenberg.org/ebooks/44853 |
| 942 | _cEB | ||
| 999 |
_c274104 _d274104 |
||